| 000 -CABECERA |
| fixed length control field |
01947nam a22002897a 4500 |
| 003 - IDENTIFICADOR DEL NÚMERO DE CONTROL |
| control field |
AR-CdUCM |
| 008 - DATOS DE LONGITUD FIJA--INFORMACIÓN GENERAL |
| fixed length control field |
190425b ||||| |||| 00| 0 spa d |
| 040 ## - FUENTE DE LA CATALOGACIÓN |
| Agencia/entidad que catalogó originalmente la obra |
MUNICIPALIDAD PROVINCIAL DEL CUSCO |
| Entidad que transcribió la catalogación |
BIBLIOTECA MUNICIPAL DEL CUSCO |
| 082 ## - NÚMERO DE LA CLASIFICACIÓN DECIMAL DEWEY |
| No. de Clasificación |
CsyArts/N°1/1954 |
| 245 ## - MENCIÓN DE TÍTULO |
| Título |
Ciencias y Artes : |
| Resto del título |
Revista de Cultura / |
| Mención de responsabilidad |
Órgano de la Gran Unidad Escolar Inca Garcilaso de la Vega |
| 260 ## - PUBLICACIÓN, DISTRIBUCIÓN, ETC. |
| Lugar de publicación, distribución, etc. |
Cusco. |
| Nombre de la editorial, distribuidor, etc. |
Garcilaso, |
| Fecha de publicación, distribución, etc. |
1954. |
| 300 ## - DESCRIPCIÓN FÍSICA |
| Nº de Páginas Extensión |
100 páginas. : |
| Otros detalles físicos |
ilustraciones ; |
| Dimensiones |
21 cm. |
| 440 ## - MENCIÓN DE SERIE/PUNTO DE ACCESO ADICIONAL--TÍTULO |
| Título |
Revista de Cultura Ciencias y Artes. |
| Número de la parte/sección de una obra |
Año I, Número 1, diciembre de 1954. |
| 9 (RLIN) |
47040 |
| 505 ## - NOTA DE CONTENIDO CON FORMATO |
| Nota de contenido formateada |
Contenido: Apuntes para un estudio de la vida de don Manuel de Mollinedo. Horacio Villanueva Urteaga. -- Principios metodológicos que se aplican en la enseñanza de la Física. Lucio Bueno V. -- Escritura de la lengua Aymara y Quechua. Efraín Morote Best. -- Emigración de estudiantes peruanos al extranjero. Arístides Vega Navarro. -- Apuntes para la Sociología peruana. Sócrates Miranda. -- La teoría funcional del aprendizaje en acción. Francisco Carrasco Z. -- Madre de Dios, hoya independiente. Julio Gonzales del Castillo. -- Posibilidad de la reforma de educación técnica en el Perú. Segundo Villasante Ortiz. -- Apuntes sobre el rio Watanay. César Sánchez. -- Algunos aspectos de la enseñanza de la Psicología. Miguel Ángel Huamán. -- Funciones de los departamentos Psicopedagógicos en la actual organización de la educación secundaria. José Manzanares. -- Himno al Colegio de Ciencias... |
| 650 ## - PUNTO DE ACCESO ADICIONAL DE MATERIA--TÉRMINO DE MATERIA |
| Descriptor |
Manuel de Mollinedo y Angulo |
| 9 (RLIN) |
5791 |
| 650 ## - PUNTO DE ACCESO ADICIONAL DE MATERIA--TÉRMINO DE MATERIA |
| Descriptor |
Aymara |
| 9 (RLIN) |
7964 |
| 650 ## - PUNTO DE ACCESO ADICIONAL DE MATERIA--TÉRMINO DE MATERIA |
| Descriptor |
Quechua |
| 9 (RLIN) |
2063 |
| 650 ## - PUNTO DE ACCESO ADICIONAL DE MATERIA--TÉRMINO DE MATERIA |
| Descriptor |
Rio Huatanay |
| 9 (RLIN) |
47041 |
| 650 ## - PUNTO DE ACCESO ADICIONAL DE MATERIA--TÉRMINO DE MATERIA |
| Descriptor |
Educación |
| 9 (RLIN) |
460 |
| 700 ## - PUNTO DE ACCESO ADICIONAL--NOMBRE DE PERSONA |
| Nombre Personal |
Villanueva Urteaga, Horacio |
| 9 (RLIN) |
5790 |
| 700 ## - PUNTO DE ACCESO ADICIONAL--NOMBRE DE PERSONA |
| Nombre Personal |
Morote Best, Efraín |
| 9 (RLIN) |
47042 |
| 700 ## - PUNTO DE ACCESO ADICIONAL--NOMBRE DE PERSONA |
| Nombre Personal |
Roel Pineda, Josafat |
| 9 (RLIN) |
22398 |
| 700 ## - PUNTO DE ACCESO ADICIONAL--NOMBRE DE PERSONA |
| Nombre Personal |
Nuñez del Prado, Oscar |
| 9 (RLIN) |
5531 |
| 700 ## - PUNTO DE ACCESO ADICIONAL--NOMBRE DE PERSONA |
| Nombre Personal |
Baca Mendoza, Oswaldo |
| 9 (RLIN) |
29966 |
| 942 ## - ELEMENTOS DE PUNTO DE ACCESO ADICIONAL (KOHA) |
| Fuente de clasificación |
|
| Tipo de item |
Revistas cusqueñas |
| 945 ## - PROCESAMIENTO DE INFORMACIÓN LOCAL (OCLC) |
| Catalogador |
rac |